Etnické čistky, komunismus a devastace životního prostředí
| Titel: | Etnické čistky, komunismus a devastace životního prostředí : Vytváření nové identity severočeského pohraničí (1945-1989) |
|---|---|
| Verfasser: | |
| Körperschaft: | |
| In: |
Soudobé dějiny, Band 12, Heft 3-4 (2005), Seite 432-464 alle Artikel anzeigen |
| Veröffentlicht: | 2005 |
| Format: | Aufsatz |
| Sprache: | Tschechisch |
X
alg: 39346231 001A $01999:12-11-16 001B $03025:29-02-24 $t13:29:04.000 001C $06050:19-11-16 $t09:38:19.000 001D $01999:12-11-16 001U $0utf8 001X $00 002@ $0Aox 003@ $0393462315 007A $0393462315 $aHEB 007T $0Herdpp101888 010@ $acze 011@ $a2005 021A $aEtnické čistky, komunismus a devastace životního prostředí $dVytváření nové identity severočeského pohraničí (1945-1989) 028A $BVerfasser $4aut $71146703473 $8Glassheim, Eagle [Tp3] $9422819239 029F $aps-2005-0020640 031A $d12 $e3-4 $h432-464 $j2005 037A $aRés. angl. s. 853-854: Ethnic Cleansing, Communism, and Environmental Devastation in Czechoslovakia's Borderlands, 1945-89: Creating a New Identity for the North-Bohemian Borderlands 039B $aIn $8--Abvc--. Soudobé dějiny. - Praha : USD, 1993-. - ISSN 1210-7050 $x200500000120003568 $9048643750 045T $a7,41 045T $aOST $qDE-12 $2FID lok: 39346231 78 exp: 39346231 78 1 #EPN 201B/01 $026-11-17 $t03:29:57.000 201U/01 $0utf8 203@/01 $0789572753 208@/01 $a12-11-16 $be 209A/01 $a/ $f000 $x00 220C/01 $aHerkunft: Hú Av Čr Praha 244Z/01 $#Tschechien $#Tschechische Republik $#Tschechische Republik $#Tschechenland $#Tschechei Tschechien $#Česká Republika $#Czech Republic $#ČR $74303381-7 $8--Tg1--Tschechien $x01 $9086659812 244Z/01 $2Trx $#Böhmen $#Bohemia $#Czechy $8--Trx--Čechy $x02 $9391188941 244Z/01 $aČechy severní $x03 244Z/01 $aGeschichte 1945-1989 $x04 244Z/01 $2Trx $#piirid $#sienos $#borders $#határok $#granice $#hranice $#hranice $8--Trx--Grenzen $x05 $9391373366 244Z/01 $2Trx $#keskkond, looduslik $#natūrali aplinka $#Environment, natural $#környezet, természetes $#środowisko naturalne $#prírodné prostredie $#prostředí přírodní $#Landschaft $#krajobraz $#krajina $#krajina $8--Trx--Umwelt, natürliche $x06 $9391354744 244Z/01 $2Trx $#pagendamine ümberasustamine 1938-1950 $#perkėlimai iškėlimai 1938-1950 $#expulsion resettlement 1938-1950 $#ethnic cleansing $#kiűzés áttelepítés 1938-1950 $#przesiedlenia wysiedlenia 1938-1950 $#odsun presídlenie 1938-1950 $#odsun přesídlení 1938-1950 $#Umsiedlung 1938-1950 $#wysiedlenia $#presídlenie 1938-1950 $8--Trx--Vertreibung$xUmsiedlung$g1938-1950 $x07 $9391362763 244Z/01 $2Trx $#repressioonid, kommunistlikud $#komunistų represijos $#repression, communist $#elnyomás, kommunista $#represje komunistyczne $#represie, komunistické $#represe komunistické $8--Trx--Repressionen, kommunistische $x08 $9391359835 244Z/01 $aosídlování pohraničí $x09 244Z/01 $2Trx $8--Trx--Zeitschriftenaufsatz $x10 $9391384341 247C/01 $82080>Marburg/Lahn, Herder-Institut, Forschungsbibliothek, Bibliographieportal $9336309341
| LEADER | 00000caa a22000002c 4500 | ||
|---|---|---|---|
| 001 | 393462315 | ||
| 003 | DE-603 | ||
| 005 | 20240229132904.0 | ||
| 007 | tu | ||
| 008 | 161112s2005 xx |||| | u00||u|cze c | ||
| 035 | |a (DE-599)HEB393462315 | ||
| 040 | |a DE-603 |b ger |c DE-603 |d DE-603 | ||
| 041 | |a cze | ||
| 084 | |a 7,41 |2 ssgn | ||
| 084 | |a OST |q DE-12 |2 fid | ||
| 100 | 1 | |a Glassheim, Eagle |e Verfasser |4 aut |0 (DE-603)422819239 |0 (DE-588)1146703473 |2 gnd | |
| 245 | 0 | 0 | |a Etnické čistky, komunismus a devastace životního prostředí |b Vytváření nové identity severočeského pohraničí (1945-1989) |
| 264 | 0 | |c 2005 | |
| 500 | |a Rés. angl. s. 853-854: Ethnic Cleansing, Communism, and Environmental Devastation in Czechoslovakia's Borderlands, 1945-89: Creating a New Identity for the North-Bohemian Borderlands | ||
| 710 | 2 | |a ps-2005-0020640 | |
| 773 | 0 | 8 | |i In |t Soudobé dějiny |d Praha : USD, 1993- |x 1210-7050 |g Band 12, Heft 3-4 (2005), Seite 432-464 |w (DE-603)048643750 |w (DE-600)1181942-X |
| 924 | 0 | |9 2080 |a (DE-603)789572753 |b DE-2080 |c HES |d d |g / | |


